Sports Quiz

Random Sports or Football Quiz
Score 0/17 Timer 07:00
0 Plays Today
Team % Correct
Eastern Michigan*
63%
New Mexico*
59%
Western Michigan*
59%
Idaho*
57.9%
Florida International
57.7%
Akron (OH)
56.3%
Florida Atlantic
55.3%
Buffalo
51.8%
Central Michigan*
51.2%
Team % Correct
Troy (AL)*
49.3%
Louisiana-Monroe
49%
Western Kentucky
46.5%
Arkansas State
43.3%
UNLV*
40.5%
UCF*
40.3%
UAB*
39%
Middle Tennessee State*
35%
Remove Ads.
Support Sporcle.
Get the best of Sporcle when you Go Orange. This ad-free experience offers more features, more stats, and more fun while also helping to support Sporcle. Thank you for becoming a member.

You're not logged in!

Compare scores with friends on all Sporcle quizzes.
OR
Log In

Show Comments

Extras

Top Quizzes Today


Score Distribution

Your Account Isn't Verified!

In order to create a playlist on Sporcle, you need to verify the email address you used during registration. Go to your Sporcle Settings to finish the process.

Report this User

Report this user for behavior that violates our Community Guidelines.

Details: